000 00511nam a2200193Ia 4500
005 20250508151725.0
008 008 250505s9999 xx 000 0 eng d
037 _aTextual
040 _aFEDL
_beng
_cFEDL
041 _aeng
_2eng
084 _a320.1, BUR
_qFEDL
100 _aBurns C. Delisle
_9107347
245 0 _aPolitical ideals
250 _a4th
260 _aLondon, UK
_bOxford University Press
_c1950
300 _a358p.
942 _cTEXL
_h320.1, BUR
999 _c1331701
_d1331701